000 00956nam0a2200289 4500
001 RU\NLR\ONL1\3517
005 20250806202936.0
035 _a(NLR Aleph) 009632270
090 _a34182
_c34182
100 _a20040623d1944 u y0rusy50 ca
101 0 _achm
102 _aRU
105 _ac |||||||||
200 1 _aБасня-шамыч
_f[Ред. И. Осмин, И. Стрельников]
210 _aЙошкар-Ола
_cМаргосиздат
_d1944
215 _a46,[2] с.
_cпортр.
_d18
541 1 _aБасни
_zrus
686 1 _aШ6(2=Мар)-91Р5-7
700 1 _aКрылов
_bИ. А.
_cбаснописец
_f1769-1844
_gИван Андреевич
_3RU\NLR\AUTH\772707
_4070
801 0 _aRU
_bNLR
_c20040623
_gPSBO
852 _aNLR
_bОНЛ
_jМар.л./2-1097
942 _cBOOK
945 _aРоссийская национальная библиотека
980 _aNB
980 _aBV